000 00296nam a22001337a 4500
008 170620b xxu||||| |||| 00| 0 eng d
020 _a9781405155533
041 _aeng
080 _a321
100 _a20
101 _aSHP
245 _aTHE GLOBALIZATION READER
_cLECHNER, F.J
942 _2udc
_cBK
999 _c18325
_d18325